000 00716nam a2200205 i 4500
001 81353
003 ES-MaACL
005 20230906174424.0
007 t|
008 041104s1965 sp a |||| | spa d
100 1 _aHuff, Darrell.
_964597
245 1 0 _aCómo mentir con estadísticas /
_cDarrell Huff ; dibujos de Irving Geis ; prólogo Jorge Garriga Puig ; traducción Octavio Freixas Ortega.
260 _a[Barcelona] :
_bSagitario,
_c[1965]
300 _a158 p. :
_bil. ;
_c19 cm.
650 4 _aEstadística-
_vObras satíricas y humorísticas.
_9165615
700 1 _aGeis, Irving.
_956226
700 1 _aGarriga Puig, Jorge.
_955745
700 1 _aFreixas Ortega, Octavio.
_952488
852 _aES-MaACL
_jC-28296
999 _c81353
_d81353